Indonesian Cuisine by Images - Statistics

General Stats
  • This quiz has been taken 44 times
  • The average score is 10 of 16
Answer Stats
Picture Answer % Correct
Nasi goreng
91%
Bakso
86%
Rendang
86%
Nasi kuning
83%
Sambal
77%
Perkedel
74%
Rawon
74%
Pisang goreng
71%
Siomay
71%
Gado-gado
63%
Bubur ayam
57%
Ayam goreng
51%
Laksa
40%
Cendol
31%
Betutu
26%
Serabi
20%
No matching quizzes found
Score Distribution
Percent of People with Each Score
Percentile by Number Answered
Your Score History
You have not taken this quiz